01475nam a2200445 i 450000100060000000300090000600500170001500800410003201500170007302000180009004000280010804100130013604400080014908000140015708000110017108000120018210000370019424500750023124600330030625000200033926000480035930000380040733600270044533700540047233800280052638000160055438000270057038500390059738800100063650400510064652100290069765000200072665500300074665800510077665000140082765000160084170000400085771000340089785600980093156240KOSZ 00520201026100323.0090408s2009 pl a f f |001 0 pol  aPB 4671/2007 a9788301147785 cWA NaWA NdKOSZ 005/HR1 apolheng aPOL a32-027.21 a321.01 a(075.8)1 aHeywood, Andrewd(1952- )eAutor10aPolitologia /cAndrew Heywood ; przekł. Barbara Maliszewska [et al.].1 iTyt. oryg.:aPolitics,f2002 aWyd.1 dodruk 2. aWarszawa :bWydawnictwo Naukowe PWN,c2009. aXIV, 554, [2] s. :bil. ;c24 cm. 2rdacontentaTekstbtxt 2rdamediaaBez urządzenia pośredniczącegobn 2rdacarrieraWoluminbnc aKsiążki aPublikacje dydaktyczne mPoziom nauczaniaaSzkoły wyższe a2001- aBibliogr. s. 519-530 oraz przy rozdz. Indeksy.8 aPodręcznik akademicki. 4aTeoria polityki aPodręczniki akademickie aPolityka, politologia, administracja publiczna 4aPaństwo 4aPolitologia1 aMaliszewska, Barbara.eTłumaczenie aWydawnictwo Naukowe PWN4pbl. uhttp://koha.tu.koszalin.pl/cgi-bin/koha/opac-detail.pl?biblionumber=56240yKatalog online BPK